000 00637nam a2200193 a 4500
001 000030053
003 OSt
005 20240320074002.0
008 110428s1994 dr 000 0 spa d
040 _aDO-SdBNP
_bspa
_cBNPHU
082 _axxx
_bB446h
245 0 0 _aHomilía del Cardenal López Rodríguez :
_bte deum del 16 de agosto de 1994. Catedral de Santo Domingo /
_cedición Rafael Bello Peguero.
260 _aSanto Domingo :
_bAmigo del Hogar,
_c1994.
300 _a[ 11 p.] ;
_c21 cm.
590 _aInventariado, 2020/ YL
700 1 _aBello Peguero, Rafael,
_d1932-2022
_eed.
_92405
910 _aEn proceso
942 _2ddc
_cLBS1
999 _c29545
_d29545